01759nam a2200349 a 4500001001200000003000800012006001900020007001500039008004100054010001700095020004300112020003800155040002100193035002100214043001200235050002700247082001600274100002100290245012200311260005100433300004000484504006400524505038800588533015200976650002201128651002101150651004901171655002901220710001701249856012601266999001701392ebr10412264CaPaEBRm u cr cn|||||||||090406s2009 hiuao sb 001 0 eng  z 2009014290 z9780824833435 (hardcover : alk. paper) z9780824833985 (pbk. : alk. paper) aCaPaEBRcCaPaEBR a(OCoLC)663886523 aa-kr---14aBL2236.S5bK463 2009eb04a299.5/72221 aKendall, Laurel.10aShamans, nostalgias, and the IMFh[electronic resource] :bSouth Korean popular religion in motion /cLaurel Kendall. aHonolulu :bUniversity of Hawaii Press,c2009. axxviii, 251 p. :bill., photograps. aIncludes bibliographical references (p. 221-244) and index.0 aShifting intellectual terrain: superstition becomes culture and religion -- Memory horizons: kut from two ethnographic presents -- Initiating performance: Chini's story -- The ambiguities of becoming: phony shamans and what are mudang after all? -- Korean shamans and the spirits of capitalism -- Of hungry ghosts and other matters of consumption -- Built landscapes and mobile gods. aElectronic reproduction.bPalo Alto, Calif. :cebrary,d2013.nAvailable via World Wide Web.nAccess may be limited to ebrary affiliated libraries. 0aShamanismzKorea. 0aKoreaxReligion. 0aKoreaxCivilizationxShamanistic influences. 7aElectronic books.2local2 aebrary, Inc.40uhttp://site.ebrary.com/lib/rucke/Doc?id=10412264zAn electronic book accessible through the World Wide Web; click to view c87051d87051